| 000 | 00806nam a22002417a 4500 | ||
|---|---|---|---|
| 005 | 20251108165527.0 | ||
| 008 | 250721s1993 xx 000 0 ara d | ||
| 082 | 1 | 4 | _aم/891.5109/فرد |
| 100 | 1 | _aالفردوسي، أبو القاسم منصور بن فخر الدين | |
| 245 | 1 | 0 | _aالشاهنامة / |
| 250 | _aط2 | ||
| 264 | 1 |
_aالقاهرة : _bالهيئة المصرية العامة للكتاب، _c1993. |
|
| 300 | _aج | ||
| 650 | 1 | 7 | _aالشعر الملحمي |
| 650 | 1 | 7 | _aالتاريخ الأدبي |
| 650 | 1 | 7 | _aالنقد الأدبي |
| 650 | 1 | 7 | _aالأدب الفارسي |
| 650 | 1 | 7 | _aالشعر |
| 700 | 1 |
_aالبنداري، الفتح بن علي _eترجمة |
|
| 700 | 1 |
_aعزام، عبد الوهاب _eتحقيق |
|
| 942 |
_2ddc _cREF |
||
| 999 |
_c30010 _d30010 |
||